000 00718nam a2200241 a 4500
001 15412
003 BD-RjUL
005 20211208235817.0
008 160904r20061980ii ||||| |||| 001 0 eng d
035 _a(BD-RjUL)15466
040 _aBD-RjUL
_beng
_cBD-RjUL
_dBD-RjUL
041 _aeng
082 _a650
_bZAB 2006
_223
100 1 _aZameeruddin, Qazi .
_947875
245 1 0 _aBusiness mathematics /
_cQazi Zameeruddin, V.K. Khanna, S.K. Bhambri.
260 _aNew Delhi :
_bVikas publication house,
_c2006.
300 2 0 _axvi, 830 p. :
_bill. ;
_c 23 cm.
500 _aIncludes index.
650 0 _aBusiness mathematics
_947876
700 _a Khanna, V.K.
_9228004
700 _aBhambri,S.K.
_947878
942 _2ddc
_cBK
999 _c15412
_d15412